000 00719nam a2200181 i 4500
001 183583
003 ES-MaACL
005 20260201063019.0
008 140724s1832 be |||| | spa d
100 1 _aQuételet, Adolphe,
_d1796-1874
_9155074
245 1 0 _aRecherches sur la reproduction et la mortalité de l'homme aux différens ages
_b: et sur la population de la Belgique /
_cpar A. Quetelet et Éd. Smits.
260 _aBruxelles :
_bL. Hauman,
_c1832.
300 _a150 p., [1] h. pleg. ;
_c20 cm.
651 4 _aBélgica-
_xPoblación-
_vEstadísticas.
_9155075
700 1 _aSmits, Edouard (
_d1789-1852)
_9155076
852 _aES-MaACL
_jR-1363(1)
_z.- Donat. Mateo Seoane
999 _c183583
_d183583